|
|
|
|
| LEADER |
01166pam a22003138a 4500 |
| 001 |
00030679 |
| 005 |
20171026081025.0 |
| 008 |
130606s2010 ||||||viesd |
| 020 |
|
|
|c 27000
|
| 041 |
0 |
# |
|a vie
|
| 082 |
1 |
4 |
|a 895.922 09
|b V250C
|
| 245 |
1 |
0 |
|a Về con người cá nhân trong văn học cổ Việt Nam
|c Nguyễn Hữu Sơn, Trần Đình Sử, Huyền Giang,..[và nh. ng. khác]
|
| 260 |
# |
# |
|a Hà Nội
|b Giáo Dục
|c 2010
|
| 300 |
# |
# |
|a 251 tr.
|c 21 cm.
|
| 653 |
# |
# |
|a Văn học Việt Nam
|
| 653 |
# |
# |
|a Lí luận
|
| 653 |
# |
# |
|a Con người
|
| 653 |
# |
# |
|a Văn học cổ
|
| 700 |
1 |
# |
|a Huyền, Giang
|
| 700 |
1 |
# |
|a Nguyễn, Hữu Sơn
|
| 700 |
1 |
# |
|a Trần, Ngọc Vương
|
| 700 |
1 |
# |
|a Trần, Nho Thìn
|
| 700 |
1 |
# |
|a Trần, Đình Sử
|
| 700 |
1 |
# |
|a Đoàn, Thị Thu Vân
|
| 852 |
# |
# |
|b Kho mượn
|j KM.0015283, KM.0015284, KM.0015285, KM.0015286
|
| 852 |
# |
# |
|b Kho đọc
|j KD.0014603
|
| 852 |
# |
# |
|j KM.0015285
|j KM.0015286
|j KD.0014603
|j KM.0015283
|j KM.0015284
|
| 910 |
|
|
|d 06/06/2013
|
| 980 |
# |
# |
|a Trung tâm Học liệu Lê Vũ Hùng, Trường Đại học Đồng Tháp
|